00525nam a2200157Ia 450000500170000000800410001708200130005810000180007124500590008926000390014830000120018750000520019994200060025195200950025799900150035220250703020808.0240331s9999 xx 000 0 und d bMIHa920 aMihindukula,S 0aRukmani devi niliya gayikawa ha janapriya sanskruthiya aSri LankabSuraji Publishersc1989 a48 p ., aRukmani Devi Actress Singer and Popular Culture cL 001040708LaWERCLbWERCLcSSCd2024-03-31l0o 920 MIHp3422r2024-03-31w2024-03-31yL c5296d5296